| 000 | 00490ntaaa2200193 4500 | ||
|---|---|---|---|
| 003 | 01 | ||
| 005 | 20251027202636.0 | ||
| 008 | 0714s1973 ag 01 | ||
| 040 |
_aAR-BaBN _bspa _cAR-BaBN _eaacr _dRIC |
||
| 082 | _a372.2100 Yo8 | ||
| 100 |
_aYoung, Lois Horton _925801 |
||
| 245 | _aTeaching kindergarten children | ||
| 250 | _a1 ed. | ||
| 260 |
_aPhiladelphia : _bJudson Press, _cc1959 |
||
| 300 | _a111 p | ||
| 650 | _akindergarten | ||
| 650 |
_ajardines de infantes _94150 |
||
| 942 | _cBK | ||
| 999 |
_c21581 _d21581 |
||